01582agaaa2200301 45000010005000000030009000050050017000140070009000310080040000400400023000800410013001031000047001161300025001632450163001882500022003512600122003733000033004955080176005285110088007045200162007925380016009545460013009706500056009837000055010397000059010947000061011537000066012143198IT-RoPAU20220918181224.0d cvaizq50131s9999||||xx ||| | || ||und|| aIT-RoPAUcIT-RoPAU aITALIANO aDi Carlo CarlogCodice regista SPICS: 7226 aZAMPA DEL GATTO (LA) aZAMPA DEL GATTO (LA)cSceneggiatura: Di Carlo Carlo Vergine Antonio -- Diretto da: Di Carlo CarlopZAMPA DEL GATTO (LA) (Rif. Codice opera principale : 63198) aEdizione Standard aROMA (ITALIA)bRAI - RADIO TELEVISIONE ITALIANA / Distribuzione: RAIg"1987 (1° ed.: 1991 ; Ed. Lingua Orig.: 1987)" aVHSbsonoro, col.c50 minuti a"Fotografia: Cremonino Mario; Musica: Bacalov Luis; Sceneggiatura: Di Carlo Carlo Vergine Antonio; Scenografia: Bernardi Paolo; Soggetto: Di Carlo Carlo -- Ostuni Lorenzo" a"Alterio Hector; Haber Alessandro; Bertorelli Toni; Marchese Bob; Favilla Gianluca" aALTRI-INTERPRETI: GIN-COCCIMIGLIO ALFREDO-DARI GUIDO-SILVA LANDO-NOFERI CLAUDIO-PARACHINETTO ENRICO-LONGODORIA GIUSEPPE-MENDOLICCHIOFILM REALIZZATO PER LA TV aPAL, STEREO aITALIANO aDRAMMATICOeFILMS [VHS]xCodice MATERIA SPICS: 9960 aBacalov Luise(musica)gCodice Musica SPICS: 21505 aDi Carlo Carlo e(regista)gCodice regista SPICS: 7226 aDi Carlo Carlo e(soggetto)gCodice Soggetto SPICS: 7226 aOstuni Lorenzo e(soggetto)gCodice Soggetto 2° SPICS: 22449